[Event "AUT-chT2O 2223"]
[Site "Austria"]
[Date "2022.11.19"]
[Round "3.5"]
[White "Volkmann, Friedrich Karl"]
[Black "Kummer, Helmut"]
[Result "1/2-1/2"]
[WhiteElo "2378"]
[BlackElo "2198"]
[PlyCount "108"]
[EventDate "2022.10.15"]
[EventType "team-tourn"]
[EventRounds "11"]
[EventCountry "AUT"]
[SourceTitle "CBM 213 Extra"]
[Source "ChessBase"]
[SourceDate "2023.05.31"]
[SourceVersion "1"]
[SourceVersionDate "2023.05.31"]
[SourceQuality "1"]
[WhiteTeam "Pamhagen"]
[BlackTeam "Purbach/Donnerskirchen"]
[WhiteTeamCountry "AUT"]
[BlackTeamCountry "AUT"]

1. Nf3 d5 2. d4 Bf5 3. c4 e6 4. Nc3 c6 5. Qb3 Qc7 6. Nh4 Bg6 7. Nxg6 hxg6 8. g3 Nd7 9. Bg2 Ngf6 10. 0-0 Qb6 11. e4 Qxb3 12. axb3 Nxe4 13. Nxe4 dxe4 14. Bxe4 Nf6 15. Bf3 Bb4 16. Be3 a5 17. Rfd1 0-0 18. g4 Rfd8 19. g5 Nd7 20. d5 cxd5 21. cxd5 Ne5 22. Bg2 exd5 23. Bb6 Rd7 24. Rxd5 Rxd5 25. Bxd5 Nc6 26. f4 Bd2 27. Rf1 Re8 28. Kg2 Re2+ 29. Kf3 Rxh2 30. Bf2 Rh3+ 31. Bg3 Ne7 32. Be4 Nf5 33. Bxf5 gxf5 34. Rd1 Bb4 35. Kg2 Rh8 36. Rd7 b6 37. Bf2 Kh7 38. Bxb6 Kg6 39. Rd5 Rc8 40. Bxa5 Rc2+ 41. Kf1 Bxa5 42. Rxa5 Rxb2 43. Rb5 f6 44. gxf6 gxf6 45. Ke1 Kh5 46. Rxf5+ Kg4 47. Rxf6 Rxb3 48. Ke2 Ra3 49. Rf8 Rb3 50. f5 Kg5 51. f6 Kg6 52. Kf2 Rb6 53. Ke3 Rxf6 54. Rxf6+ Kxf6 1/2-1/2

[Event "AUT-chT2O 1920"]
[Site "Austria"]
[Date "2020.01.18"]
[Round "6.2"]
[White "Volkmann, Friedrich Karl"]
[Black "Bauer, Thomas"]
[Result "1-0"]
[WhiteElo "2403"]
[BlackElo "2207"]
[PlyCount "77"]
[EventDate "2019.10.19"]
[EventType "team-tourn"]
[EventRounds "11"]
[EventCountry "AUT"]
[SourceTitle "CBM 194 Extra"]
[Source "ChessBase"]
[SourceDate "2020.03.31"]
[SourceVersion "1"]
[SourceVersionDate "2020.03.31"]
[SourceQuality "1"]
[WhiteTeam "Pamhagen"]
[BlackTeam "Wien Ottakring"]
[WhiteTeamCountry "AUT"]
[BlackTeamCountry "AUT"]

1. Nf3 c5 2. c4 g6 3. e4 Nc6 4. d4 cxd4 5. Nxd4 Nf6 6. Nc3 d6 7. Be2 Nxd4 8. Qxd4 Bg7 9. Be3 0-0 10. Qd2 a5 11. Rc1 a4 12. c5 Qa5 13. cxd6 Rd8 14. Nb5 Qxd2+ 15. Bxd2 exd6 16. f3 Ne8 17. Bc3 Be6 18. Bxg7 Kxg7 19. a3 Ra6 20. Nc3 Ra5 21. Kf2 Bb3 22. Bd1 Rc8 23. Bxb3 axb3 24. Rhd1 Rc4 25. Ke3 Rac5 26. Ne2 d5 27. exd5 Nd6 28. Rc3 Rxc3+ 29. Nxc3 Nc4+ 30. Kd4 Rc8 31. Rb1 f5 32. Ne2 b5 33. Nc3 Nd6 34. Re1 Kf7 35. Re6 Nc4 36. Nxb5 f4 37. Rc6 Rxc6 38. dxc6 Nxb2 39. c7 1-0

[Event "AUT-chT 1718"]
[Site "Austria"]
[Date "2017.11.19"]
[Round "4.4"]
[White "Halvax, Georg"]
[Black "Volkmann, Friedrich Karl"]
[Result "1/2-1/2"]
[WhiteElo "2419"]
[BlackElo "2402"]
[PlyCount "96"]
[EventDate "2017.11.16"]
[EventType "team-tourn"]
[EventRounds "11"]
[EventCountry "AUT"]
[SourceTitle "CBM 181 Extra"]
[Source "ChessBase"]
[SourceDate "2017.12.12"]
[SourceVersion "1"]
[SourceVersionDate "2017.12.12"]
[SourceQuality "1"]
[WhiteTeam "Maria Saal"]
[BlackTeam "Wulkaprodersdorf"]
[WhiteTeamCountry "AUT"]
[BlackTeamCountry "AUT"]

1. e4 c5 2. Nf3 e6 3. d4 cxd4 4. Nxd4 Nf6 5. Nc3 Bb4 6. e5 Nd5 7. Bd2 Nxc3 8. bxc3 Be7 9. Qg4 g6 10. Bd3 Nc6 11. Nxc6 bxc6 12. 0-0 Qa5 13. Qf4 0-0 14. c4 Qc7 15. Rae1 f5 16. exf6 Qxf4 17. Bxf4 Rxf6 18. Bg5 Rf7 19. Bxe7 Rxe7 20. c5 Kf8 21. Rb1 d5 22. cxd6 Rd7 23. Rb4 Rxd6 24. Rfb1 Rd7 25. Rb8 Rxb8 26. Rxb8 Rd8 27. Ra8 Ke7 28. Rxa7+ Bd7 29. a4 Kd6 30. a5 Rb8 31. f3 Rb4 32. a6 Ra4 33. Ra8 e5 34. g4 c5 35. Rh8 Bc6 36. Kf2 c4 37. Be2 Kc5 38. Rxh7 Rxa6 39. Rg7 Ra2 40. Rxg6 Rxc2 41. h4 c3 42. Ke3 Rb2 43. Bd3 Rh2 44. Re6 e4 45. fxe4 Rh3+ 46. Ke2 Rh2+ 47. Ke3 Rh3+ 48. Ke2 Rh2+ 1/2-1/2

[Event "AUT-chT 1617"]
[Site "Austria"]
[Date "2017.04.22"]
[Round "11.4"]
[White "Volkmann, Friedrich Karl"]
[Black "Kessler, Luca"]
[Result "1/2-1/2"]
[WhiteElo "2435"]
[BlackElo "2455"]
[PlyCount "69"]
[EventDate "2016.10.20"]
[EventType "team-tourn"]
[EventRounds "11"]
[EventCountry "AUT"]
[SourceTitle "CBM 177 Extra"]
[Source "ChessBase"]
[SourceDate "2017.04.27"]
[SourceVersion "1"]
[SourceVersionDate "2017.04.27"]
[SourceQuality "1"]
[WhiteTeam "Wulkaprodersdorf"]
[BlackTeam "Goetzis"]
[WhiteTeamCountry "AUT"]
[BlackTeamCountry "AUT"]

1. d4 d5 2. c4 c6 3. Nf3 Nf6 4. Nc3 dxc4 5. a4 Bf5 6. e3 e6 7. Bxc4 Bb4 8. 0-0 0-0 9. Qe2 Nbd7 10. e4 Bg6 11. Bd3 Bh5 12. e5 Nd5 13. Nxd5 cxd5 14. Qe3 Bg6 15. Ng5 Re8 16. f4 Bxd3 17. Qxd3 f5 18. Qh3 Nf8 19. g4 g6 20. gxf5 exf5 21. Qb3 a5 22. Be3 Qd7 23. Rac1 Rac8 24. Kh1 b5 25. axb5 Qxb5 26. Bd2 Rxc1 27. Rxc1 Rc8 28. Rg1 Rc6 29. Bxb4 axb4 30. Qe3 Ne6 31. Nxe6 Rxe6 32. h4 Kf7 33. h5 Ke8 34. Rc1 Rc6 35. Re1 1/2-1/2

[Event "AUT-chT 1617"]
[Site "Austria"]
[Date "2016.10.21"]
[Round "2.4"]
[White "Volkmann, Friedrich Karl"]
[Black "Atlas, Valeri"]
[Result "0-1"]
[WhiteElo "2435"]
[BlackElo "2435"]
[PlyCount "134"]
[EventDate "2016.10.20"]
[EventType "team-tourn"]
[EventRounds "11"]
[EventCountry "AUT"]
[SourceTitle "CBM 175 Extra"]
[Source "ChessBase"]
[SourceDate "2016.12.12"]
[SourceVersion "1"]
[SourceVersionDate "2016.12.12"]
[SourceQuality "1"]
[WhiteTeam "Wulkaprodersdorf"]
[BlackTeam "Hohenems"]
[WhiteTeamCountry "AUT"]
[BlackTeamCountry "AUT"]

1. d4 Nf6 2. Bg5 e6 3. e4 h6 4. Bxf6 Qxf6 5. Nc3 Bb4 6. Qd3 c5 7. e5 Qe7 8. 0-0-0 0-0 9. a3 Bxc3 10. Qxc3 b6 11. dxc5 Qxc5 12. Qxc5 bxc5 13. Be2 Bb7 14. Bf3 Bc6 15. Rd6 Rc8 16. h4 f6 17. exf6 gxf6 18. h5 Kf7 19. Rh4 Ke7 20. Rd3 Rg8 21. g3 d5 22. Ne2 Nd7 23. Nf4 Ne5 24. Re3 Nxf3 25. Rxf3 d4 26. Rd3 e5 27. Ng6+ Kd6 28. c3 Bb5 29. Rd2 Rac8 30. Kb1 Bd7 31. Ka1 Bf5 32. b4 d3 33. c4 e4 34. g4 Bxg6 35. hxg6 Rxg6 36. f3 Ke5 37. fxe4 Kxe4 38. Rd1 Kd4 39. g5+ Kc3 40. gxh6 Kc2 41. Rb1 Rh8 42. Rh2+ Kc3 43. Rc1+ Kd4 44. Rh4+ Ke3 45. Rch1 d2 46. h7 Rg7 47. R4h3+ Ke4 48. Rd1 Rgxh7 49. Rxh7 Rxh7 50. Rxd2 f5 51. Kb2 f4 52. bxc5 f3 53. c6 Ke3 54. Rd7 f2 55. c7 Rxd7 56. c8Q Rd2+ 57. Kc3 Rd3+ 58. Kc2 Rd2+ 59. Kc3 Rd3+ 60. Kc2 f1Q 61. Qc5+ Ke2 62. Qh5+ Rf3 63. Qe5+ Kf2 64. Qd4+ Kg2 65. Qg7+ Kh1 66. Qh7+ Rh3 67. Qxa7 Qxc4+ 0-1

[Event "AUT-chT 1516"]
[Site "Austria"]
[Date "2016.03.31"]
[Round "9.1"]
[White "Volkmann, Friedrich Karl"]
[Black "Hellmayr, Alois"]
[Result "1/2-1/2"]
[WhiteElo "2444"]
[BlackElo "2254"]
[PlyCount "83"]
[EventDate "2015.11.05"]
[EventType "team-tourn"]
[EventRounds "11"]
[EventCountry "AUT"]
[SourceTitle "EXT 2017"]
[Source "ChessBase"]
[SourceDate "2016.10.25"]
[SourceVersion "1"]
[SourceVersionDate "2016.10.25"]
[SourceQuality "1"]
[WhiteTeam "Wulkaprodersdorf"]
[BlackTeam "Sauwald"]
[WhiteTeamCountry "AUT"]
[BlackTeamCountry "AUT"]

1. e4 c5 2. Nf3 e6 3. d4 cxd4 4. Nxd4 a6 5. Bd3 Qb6 6. Nb3 Qc7 7. 0-0 Nf6 8. f4 d6 9. a4 b6 10. Qe2 Nc6 11. c3 Be7 12. Be3 e5 13. f5 d5 14. N1d2 Bb7 15. Rad1 Na5 16. Nxa5 bxa5 17. exd5 Nxd5 18. Kh1 0-0 19. Ne4 Nxe3 20. Qxe3 f6 21. Qe2 Rfd8 22. Bc4+ Kh8 23. Rxd8+ Qxd8 24. Rd1 Qe8 25. b3 Rd8 26. Rxd8 Qxd8 27. h3 Qc8 28. Bd3 g6 29. Ng3 Qxc3 30. fxg6 Qc1+ 31. Kh2 Bc5 32. Nf1 Qf4+ 33. Ng3 Bf2 34. Qg4 Bxg3+ 35. Qxg3 Qxg3+ 36. Kxg3 e4 37. Be2 hxg6 38. h4 Kg7 39. Kf4 f5 40. h5 Kf6 41. hxg6 Kxg6 42. g4 1/2-1/2

[Event "AUT-chT 1415"]
[Site "Austria"]
[Date "2015.03.19"]
[Round "9.4"]
[White "Hebesberger, Thomas"]
[Black "Volkmann, Friedrich Karl"]
[Result "0-1"]
[WhiteElo "2351"]
[BlackElo "2443"]
[PlyCount "60"]
[EventDate "2014.11.20"]
[EventType "team-tourn"]
[EventRounds "11"]
[EventCountry "AUT"]
[SourceTitle "EXT 2016"]
[Source "ChessBase"]
[SourceDate "2015.10.08"]
[SourceVersion "1"]
[SourceVersionDate "2015.10.08"]
[SourceQuality "1"]
[WhiteTeam "St Veit"]
[BlackTeam "Wulkaprodersdorf"]
[WhiteTeamCountry "AUT"]
[BlackTeamCountry "AUT"]

1. c4 Nf6 2. g3 c6 3. Bg2 d5 4. Nf3 dxc4 5. Qc2 b5 6. a4 Bb7 7. 0-0 e6 8. b3 cxb3 9. Qxb3 a6 10. Ne5 Nfd7 11. Bb2 Nxe5 12. Bxe5 Nd7 13. Bb2 Qb6 14. Nc3 Be7 15. Rfc1 0-0 16. d4 c5 17. axb5 Bxg2 18. Kxg2 cxd4 19. Ne4 axb5 20. Rxa8 Rxa8 21. Qf3 Rd8 22. Rc6 Qa7 23. Qf4 Qa8 24. Qc7 Ne5 25. Qxe7 Nxc6 26. Qg5 h6 27. Nf6+ Kh8 28. Qh4 Ne5+ 29. f3 Ng6 30. Qh5 gxf6 0-1

[Event "AUT-chT2O 1314"]
[Site "Austria"]
[Date "2014.02.22"]
[Round "8.1"]
[White "Csonka, Attila Istvan"]
[Black "Volkmann, Friedrich Karl"]
[Result "1/2-1/2"]
[WhiteElo "2387"]
[BlackElo "2420"]
[PlyCount "133"]
[EventDate "2013.10.05"]
[EventType "team-tourn"]
[EventRounds "11"]
[EventCountry "AUT"]
[SourceTitle "EXT 2015"]
[Source "ChessBase"]
[SourceDate "2014.11.20"]
[SourceVersion "1"]
[SourceVersionDate "2014.11.20"]
[SourceQuality "1"]
[WhiteTeam "Ternitz"]
[BlackTeam "Wulkaprodersdorf"]
[WhiteTeamCountry "AUT"]
[BlackTeamCountry "AUT"]

1. e4 e5 2. Nf3 Nf6 3. Nxe5 Nxe4 4. Qe2 Qe7 5. Qxe4 d6 6. d4 dxe5 7. dxe5 Nc6 8. Bb5 Bd7 9. Nc3 0-0-0 10. Bf4 Qb4 11. 0-0-0 Qxe4 12. Nxe4 Nxe5 13. Bxd7+ Nxd7 14. Ng5 Be7 15. Nxf7 Rdf8 16. Nxh8 Rxf4 17. Rhe1 Kd8 18. Re6 Rf8 19. Ng6 hxg6 20. Rxg6 Bf6 21. c3 Re8 22. Rg3 Be5 23. Rf3 Bd6 24. Kc2 Re4 25. Rfd3 Ke7 26. h3 Nc5 27. Rd4 Re2+ 28. R4d2 Re4 29. b4 Na4 30. Kd3 Rh4 31. Re1+ Kf6 32. Rde2 a5 33. Re4 Rh5 34. R1e3 Rd5+ 35. Kc2 Rf5 36. f3 axb4 37. cxb4 Rh5 38. f4 b5 39. g4 Rh8 40. Re6+ Kf7 41. g5 Ra8 42. g6+ Kf8 43. f5 Bxb4 44. f6 gxf6 45. Rxf6+ Kg7 46. Ree6 Bd6 47. Rf7+ Kg8 48. h4 Nc5 49. Re3 Rxa2+ 50. Kb1 Ra8 51. h5 Bf8 52. Rxc7 b4 53. g7 Bxg7 54. Rxc5 Bd4 55. Rg5+ Kh7 56. Rd3 Bc3 57. Rd7+ Kh6 58. Rb5 Ra6 59. Kc2 Rf6 60. Kd3 Re6 61. Rdb7 Rd6+ 62. Ke4 Re6+ 63. Kf5 Rc6 64. Rd5 Kxh5 65. Rh7+ Rh6 66. Rxh6+ Kxh6 67. Rb5 1/2-1/2

[Event "AUT-chT2O 1314"]
[Site "Austria"]
[Date "2013.12.07"]
[Round "5.1"]
[White "Volkmann, Friedrich Karl"]
[Black "Brod, Manfred"]
[Result "1/2-1/2"]
[WhiteElo "2420"]
[BlackElo "2237"]
[PlyCount "127"]
[EventDate "2013.10.05"]
[EventType "team-tourn"]
[EventRounds "11"]
[EventCountry "AUT"]
[SourceTitle "EXT 2015"]
[Source "ChessBase"]
[SourceDate "2014.11.20"]
[SourceVersion "1"]
[SourceVersionDate "2014.11.20"]
[SourceQuality "1"]
[WhiteTeam "Wulkaprodersdorf"]
[BlackTeam "Mattersburg"]
[WhiteTeamCountry "AUT"]
[BlackTeamCountry "AUT"]

1. e4 c5 2. Nf3 e6 3. d4 cxd4 4. Nxd4 Nf6 5. Nc3 Nc6 6. g3 d5 7. Bg2 Qb6 8. Nxc6 bxc6 9. 0-0 Ba6 10. Re1 Bc5 11. Be3 d4 12. Na4 dxe3 13. Rxe3 Qa5 14. Nxc5 Qxc5 15. Rc3 Qb6 16. Qd6 Rd8 17. Qxc6+ Qxc6 18. Rxc6 Bb7 19. Rc7 Rd7 20. Rxd7 Nxd7 21. f3 Ke7 22. Kf2 Rc8 23. Rc1 Ne5 24. Bf1 f5 25. exf5 exf5 26. c4 Bxf3 27. Ke3 Be4 28. Be2 Ke6 29. b4 Rd8 30. c5 Nc6 31. b5 Nb4 32. c6 Nd5+ 33. Kf2 Kd6 34. a4 Kc7 35. h4 Rd6 36. a5 Rd8 37. Rc5 Kd6 38. Rc4 Kc7 39. g4 g6 40. h5 Nf4 41. hxg6 hxg6 42. gxf5 gxf5 43. Bf1 Ne6 44. Ke3 Rd1 45. Be2 Ra1 46. a6 Ra3+ 47. Kd2 Rb3 48. Rc1 Rb1 49. Rc3 Rb2+ 50. Ke3 Kb6 51. Bd3 Bxd3 52. c7 Nxc7 53. Rc6+ Kxb5 54. Rxc7 Be4 55. Rxa7 Kb6 56. Rf7 Kxa6 57. Rc7 Kb6 58. Rc8 Rb3+ 59. Kf4 Rf3+ 60. Ke5 Kb7 61. Rc5 Kb6 62. Rc8 Bc6 63. Rf8 Be4 64. Rc8 1/2-1/2

[Event "AUT-chT 1213"]
[Site "Austria"]
[Date "2013.03.24"]
[Round "11.6"]
[White "Buchnicek, Petr"]
[Black "Volkmann, Friedrich Karl"]
[Result "1/2-1/2"]
[WhiteElo "2352"]
[BlackElo "2416"]
[PlyCount "87"]
[EventDate "2012.11.02"]
[EventType "team-tourn"]
[EventRounds "11"]
[EventCountry "AUT"]
[SourceTitle "EXT 2014"]
[Source "ChessBase"]
[SourceDate "2013.11.20"]
[SourceVersion "1"]
[SourceVersionDate "2013.11.20"]
[SourceQuality "1"]
[WhiteTeam "Zwettl"]
[BlackTeam "Wulkaprodersdorf"]
[WhiteTeamCountry "AUT"]
[BlackTeamCountry "AUT"]

1. e4 e5 2. Nf3 Nf6 3. Nxe5 Nxe4 4. Qe2 Qe7 5. Qxe4 d6 6. d4 dxe5 7. dxe5 Nc6 8. Nc3 Qxe5 9. Qxe5+ Nxe5 10. Bf4 f6 11. 0-0-0 Bd7 12. Nb5 Bxb5 13. Bxb5+ c6 14. Ba4 Bc5 15. Rhe1 Rd8 16. Bxe5 Rxd1+ 17. Kxd1 fxe5 18. Rxe5+ Be7 19. c3 Rf8 20. Ke2 Kd7 21. Bc2 h6 22. g3 Bf6 23. Ra5 Re8+ 24. Kd2 a6 25. f4 Kd6 26. Bg6 Re6 27. Bf5 Re8 28. Bg6 Re6 29. Bf5 Re8 30. Bg4 Bd8 31. Rf5 Bf6 32. Ra5 Bd8 33. Ra3 Bb6 34. Rb3 Be3+ 35. Kc2 Kc7 36. c4 Bg1 37. h3 Re3 38. Rxe3 Bxe3 39. Bf3 Bf2 40. g4 Bg3 41. f5 a5 42. Kd3 Kd6 43. Ke4 Bh4 44. b3 1/2-1/2

[Event "AUT-chT 1112"]
[Site "Austria"]
[Date "2012.01.20"]
[Round "1.6"]
[White "Volkmann, Friedrich Karl"]
[Black "Neuschmied, Siegfried"]
[Result "1-0"]
[WhiteElo "2410"]
[BlackElo "2308"]
[PlyCount "51"]
[EventDate "2012.01.20"]
[EventType "team-tourn"]
[EventRounds "11"]
[EventCountry "AUT"]
[SourceTitle "CBM 146 Extra"]
[Source "ChessBase"]
[SourceDate "2012.02.29"]
[SourceVersion "1"]
[SourceVersionDate "2012.02.29"]
[SourceQuality "1"]
[WhiteTeam "Wulkaprodersdorf"]
[BlackTeam "Kufstein/Woergl"]
[WhiteTeamCountry "AUT"]
[BlackTeamCountry "AUT"]

1. e4 c6 2. c4 d5 3. cxd5 cxd5 4. exd5 Nf6 5. Nc3 g6 6. Bc4 Bg7 7. Nf3 0-0 8. 0-0 Nbd7 9. d3 Nb6 10. Qb3 Bg4 11. Ne5 Bf5 12. Re1 Ne8 13. a4 Nd6 14. Bf4 g5 15. Bg3 g4 16. a5 Nbxc4 17. Nxc4 Bxd3 18. Nxd6 exd6 19. Qb4 Qg5 20. Bxd6 Ba6 21. Bxf8 Bxf8 22. d6 Qg6 23. Rad1 Rd8 24. Ne4 f5 25. Nc5 Bxd6 26. Qb3+ 1-0

[Event "AUT-chT2O 1112"]
[Site "Austria"]
[Date "2012.01.14"]
[Round "5.1"]
[White "Papp, Gabor"]
[Black "Volkmann, Friedrich Karl"]
[Result "1/2-1/2"]
[WhiteElo "2551"]
[BlackElo "2410"]
[PlyCount "166"]
[EventDate "2011.10.15"]
[EventType "team-tourn"]
[EventRounds "11"]
[EventCountry "AUT"]
[SourceTitle "EXT 2013"]
[Source "ChessBase"]
[SourceDate "2012.11.22"]
[SourceVersion "1"]
[SourceVersionDate "2012.11.22"]
[SourceQuality "1"]
[WhiteTeam "Mattersburg"]
[BlackTeam "Wulkaprodersdorf"]
[WhiteTeamCountry "AUT"]
[BlackTeamCountry "AUT"]

1. e4 e5 2. Nf3 Nf6 3. Nxe5 Nxe4 4. Qe2 Qe7 5. Qxe4 d6 6. d4 dxe5 7. dxe5 Nc6 8. Bb5 Bd7 9. Nc3 0-0-0 10. Bf4 Qb4 11. 0-0-0 Qxe4 12. Nxe4 Nxe5 13. Bxd7+ Nxd7 14. Ng5 Be7 15. Rhe1 Bxg5 16. Bxg5 f6 17. Bd2 Rhe8 18. f3 Nf8 19. b3 Ng6 20. g3 Ne5 21. Re3 Nc6 22. Rde1 Rxe3 23. Rxe3 Rd5 24. Bc3 Kd7 25. g4 h5 26. h3 Nd8 27. Bb2 b5 28. f4 hxg4 29. hxg4 Ne6 30. f5 Ng5 31. Ba3 c5 32. c3 a6 33. Kc2 Nf7 34. c4 bxc4 35. bxc4 Rd4 36. Kb3 Ne5 37. Bxc5 Rxg4 38. Bf8 Kc6 39. c5 Nd7 40. Re6+ Kb5 41. Bd6 Rb4+ 42. Ka3 Rc4 43. Re7 Nxc5 44. Rxg7 Rc3+ 45. Kb2 Na4+ 46. Kb1 Rf3 47. Kc2 Rxf5 48. a3 Rf3 49. Bf8 f5 50. Rb7+ Kc6 51. Ra7 Kb6 52. Rf7 Nc3 53. Kd2 a5 54. Kc2 Kb5 55. Rd7 Ne4 56. Rd5+ Kc4 57. Rxa5 Rf2+ 58. Kc1 f4 59. Bg7 f3 60. Ra4+ Kd3 61. Rd4+ Ke3 62. Rd8 Rh2 63. Bd4+ Ke2 64. Kc2 f2 65. Bxf2 Rxf2 66. a4 Ke3+ 67. Kb3 Nc5+ 68. Kb4 Nd3+ 69. Kb5 Rf5+ 70. Kb6 Nb2 71. Kc6 Nxa4 72. Rd5 Rf8 73. Rh5 Nc3 74. Rh3+ Kd4 75. Rh4+ Ne4 76. Rh1 Rf6+ 77. Kd7 Kd5 78. Rh5+ Kd4 79. Rh1 Rg6 80. Ke7 Ke5 81. Kd7 Nc5+ 82. Kc7 Ne6+ 83. Kc6 Nd4+ 1/2-1/2

[Event "AUT-chT2O 1112"]
[Site "Austria"]
[Date "2011.11.06"]
[Round "4.1"]
[White "Volkmann, Friedrich Karl"]
[Black "Cvek, Robert"]
[Result "1/2-1/2"]
[WhiteElo "2410"]
[BlackElo "2518"]
[PlyCount "60"]
[EventDate "2011.10.15"]
[EventType "team-tourn"]
[EventRounds "11"]
[EventCountry "AUT"]
[SourceTitle "EXT 2013"]
[Source "ChessBase"]
[SourceDate "2012.11.22"]
[SourceVersion "1"]
[SourceVersionDate "2012.11.22"]
[SourceQuality "1"]
[WhiteTeam "Wulkaprodersdorf"]
[BlackTeam "Pamhagen"]
[WhiteTeamCountry "AUT"]
[BlackTeamCountry "AUT"]

1. e4 c5 2. Nf3 Nc6 3. Bb5 g6 4. 0-0 Bg7 5. Bxc6 dxc6 6. h3 Nh6 7. d3 b6 8. Nbd2 0-0 9. Nc4 f6 10. Be3 Nf7 11. a3 Ba6 12. Qe2 Qc8 13. Nfd2 Nd6 14. f4 Bxc4 15. Nxc4 Nxc4 16. dxc4 Qe6 17. Bd2 f5 18. e5 Rad8 19. Be3 a5 20. a4 Qc8 21. Rfd1 e6 22. Ra3 Rxd1+ 23. Qxd1 Rd8 24. Rd3 Rxd3 25. Qxd3 Bf8 26. g3 Be7 27. Kg2 Kf7 28. g4 Qd8 29. Qxd8 Bxd8 30. g5 Ke8 1/2-1/2

[Event "AUT-chT2O 1011"]
[Site "Austria"]
[Date "2010.11.01"]
[Round "5.2"]
[White "Mahdy, Khaled"]
[Black "Volkmann, Friedrich Karl"]
[Result "1/2-1/2"]
[WhiteElo "2401"]
[BlackElo "2409"]
[PlyCount "35"]
[EventDate "2010.10.02"]
[EventType "team-tourn"]
[EventRounds "11"]
[EventCountry "AUT"]
[SourceTitle "EXT 2011"]
[Source "ChessBase"]
[SourceDate "2010.11.26"]
[SourceVersion "1"]
[SourceVersionDate "2010.11.26"]
[SourceQuality "1"]
[WhiteTeam "Waehring"]
[BlackTeam "Wulkaprodersdorf"]
[WhiteTeamCountry "AUT"]
[BlackTeamCountry "AUT"]

1. e4 e5 2. Nf3 Nf6 3. Nxe5 Nxe4 4. Qe2 Qe7 5. Qxe4 d6 6. d4 dxe5 7. dxe5 Nc6 8. Bb5 Bd7 9. 0-0 0-0-0 10. Nc3 Nxe5 11. Be3 Bxb5 12. Nxb5 a6 13. Nc3 Nc6 14. Qc4 Ne5 15. Qe4 Nc6 16. Qc4 Ne5 17. Qe4 Nc6 18. Qc4 1/2-1/2

[Event "AUT-chT2O 1011"]
[Site "Austria"]
[Date "2010.10.03"]
[Round "2.2"]
[White "Volkmann, Friedrich Karl"]
[Black "Pinter, Erik"]
[Result "1-0"]
[WhiteElo "2409"]
[BlackElo "2379"]
[PlyCount "181"]
[EventDate "2010.10.02"]
[EventType "team-tourn"]
[EventRounds "11"]
[EventCountry "AUT"]
[SourceTitle "CBM 138 Extra"]
[Source "ChessBase"]
[SourceDate "2010.10.29"]
[SourceVersion "1"]
[SourceVersionDate "2010.10.29"]
[SourceQuality "1"]
[WhiteTeam "Wulkaprodersdorf"]
[BlackTeam "Nickelsdorf"]
[WhiteTeamCountry "AUT"]
[BlackTeamCountry "AUT"]

1. e4 c5 2. Nf3 d6 3. d4 cxd4 4. Nxd4 Nf6 5. Nc3 g6 6. Be3 Bg7 7. f3 a6 8. Qd2 Nbd7 9. Bh6 Bxh6 10. Qxh6 b5 11. 0-0-0 Bb7 12. Kb1 b4 13. Nd5 Nxd5 14. exd5 Bxd5 15. Qg7 Rf8 16. Qxh7 e5 17. Nb3 Qb6 18. Qh4 Be6 19. Bc4 Bxc4 20. Qxc4 Ke7 21. Nd2 Nf6 22. Rhe1 Rfc8 23. Qd3 Qb5 24. Qxb5 axb5 25. f4 Nd7 26. Re4 Rc5 27. Rxb4 Rd5 28. a3 Rc8 29. c3 Rh8 30. h3 f5 31. Kc2 e4 32. Nf1 Nf6 33. Ne3 Rxd1 34. Kxd1 Rh4 35. Rxb5 Rxf4 36. a4 Rh4 37. a5 f4 38. Nc4 f3 39. Ke1 Nh5 40. gxf3 exf3 41. Ne3 Nf6 42. Nd5+ Nxd5 43. Rxd5 Rxh3 44. b4 f2+ 45. Kxf2 Rxc3 46. a6 Kd7 47. Rb5 Rc7 48. Rb6 Rc6 49. Rb7+ Rc7 50. a7 Rxb7 51. a8Q Rxb4 52. Qg8 Rf4+ 53. Kg3 Rf5 54. Qxg6 Re5 55. Kf4 Kc7 56. Qf7+ Kc6 57. Qa7 Rc5 58. Qe7 Re5 59. Qd8 Kd5 60. Qc8 Re7 61. Kf5 Rf7+ 62. Kg5 Re7 63. Kf6 Re5 64. Qb7+ Kc5 65. Qc7+ Kd5 66. Qc8 Re4 67. Qb7+ Kd4 68. Qc6 d5 69. Qb6+ Kc4 70. Qc7+ Kd3 71. Kf5 d4 72. Qb7 Re2 73. Kf4 Kd2 74. Qb4+ Kd3 75. Qb5+ Kd2 76. Qc4 d3 77. Qb3 Re1 78. Qb2+ Kd1 79. Kf3 Re2 80. Qc3 Rd2 81. Qc4 Rc2 82. Qxd3+ Kc1 83. Ke3 Kb2 84. Qd4+ Kb1 85. Kd3 Rb2 86. Kc3 Ka2 87. Qd1 Rb8 88. Qe2+ Ka1 89. Qf1+ Ka2 90. Qf2+ Kb1 91. Qg1+ 1-0

[Event "AUT-chT2O 1011"]
[Site "Austria"]
[Date "2010.10.02"]
[Round "1.2"]
[White "Fodor, Tamas"]
[Black "Volkmann, Friedrich Karl"]
[Result "1/2-1/2"]
[WhiteElo "2451"]
[BlackElo "2409"]
[PlyCount "218"]
[EventDate "2010.10.02"]
[EventType "team-tourn"]
[EventRounds "11"]
[EventCountry "AUT"]
[SourceTitle "CBM 138 Extra"]
[Source "ChessBase"]
[SourceDate "2010.10.29"]
[SourceVersion "1"]
[SourceVersionDate "2010.10.29"]
[SourceQuality "1"]
[WhiteTeam "Mattersburg"]
[BlackTeam "Wulkaprodersdorf"]
[WhiteTeamCountry "AUT"]
[BlackTeamCountry "AUT"]

1. d4 d5 2. c4 c6 3. Nc3 Nf6 4. Nf3 e6 5. Bg5 Nbd7 6. cxd5 exd5 7. e3 Be7 8. Qc2 Nh5 9. Bxe7 Qxe7 10. 0-0-0 Ndf6 11. Bd3 Bg4 12. Kb1 0-0 13. Rc1 Bxf3 14. gxf3 g6 15. Ne2 Rac8 16. Qc5 Qxc5 17. Rxc5 Ng7 18. h4 Nfe8 19. Nf4 Nd6 20. h5 g5 21. Nh3 h6 22. Rcc1 f5 23. f4 g4 24. Ng1 Kf7 25. Ne2 Ke6 26. Rcg1 Nge8 27. Nc1 Nf6 28. Be2 Nfe4 29. Rg2 b6 30. Nb3 Rg8 31. Rhg1 Nf6 32. Nd2 Nxh5 33. f3 Nf6 34. fxg4 fxg4 35. Bxg4+ Nxg4 36. Rxg4 Rxg4 37. Rxg4 Nf5 38. Nf1 Kf6 39. Kc2 h5 40. Rg1 c5 41. dxc5 bxc5 42. b3 c4 43. Ng3 cxb3+ 44. Kxb3 Nxe3 45. Nxh5+ Kf5 46. Rg5+ Ke4 47. Rg7 Rb8+ 48. Ka4 d4 49. Rd7 Nc4 50. Ng3+ Kf3 51. Rxd4 Nb6+ 52. Ka5 Kxg3 53. f5 Rf8 54. Ka6 Nc8 55. Kb7 Kf3 56. a4 Ke3 57. Rd7 Nb6 58. Rh7 Nxa4 59. Rh3+ Kd2 60. Kxa7 Rxf5 61. Ka6 Nb2 62. Kb6 Nd3 63. Kc6 Kc3 64. Rh1 Kd4 65. Rd1 Kc4 66. Kd6 Rf6+ 67. Ke7 Ra6 68. Rd2 Kd4 69. Kd7 Ke3 70. Rd1 Ke4 71. Kc7 Ne5 72. Kb7 Rh6 73. Kc7 Rh7+ 74. Kb6 Nf3 75. Kc5 Rc7+ 76. Kd6 Rc8 77. Rh1 Nd4 78. Re1+ Kf4 79. Rf1+ Nf3 80. Kd5 Rd8+ 81. Kc6 Ke4 82. Rh1 Ne5+ 83. Kc5 Rc8+ 84. Kd6 Rc6+ 85. Ke7 Nf3 86. Kd7 Ra6 87. Rd1 Ke5 88. Rh1 Kd5 89. Rd1+ Nd4 90. Ke7 Re6+ 91. Kf7 Re4 92. Kf6 Kd6 93. Ra1 Rf4+ 94. Kg5 Ne6+ 95. Kg6 Nc5 96. Kg5 Ke5 97. Ra5 Rf5+ 98. Kg4 Ke4 99. Ra1 Rf4+ 100. Kg3 Kf5 101. Ra5 Rc4 102. Ra8 Rc3+ 103. Kf2 Nd7 104. Ke2 Ne5 105. Kd2 Rc4 106. Rd8 Ke4 107. Re8 Rc7 108. Re6 Kd4 109. Rd6+ Ke4 1/2-1/2